|
|
|
|
| LEADER |
00000nam0a2200000 4500 |
| 001 |
346314 |
| 005 |
20231102005855.0 |
| 010 |
|
|
|a 9781292194790
|
| 035 |
|
|
|a (RuTPU)RU\TPU\book\378194
|
| 090 |
|
|
|a 346314
|
| 100 |
|
|
|a 20210803d2020 m y0engy50 ba
|
| 101 |
0 |
|
|a eng
|
| 102 |
|
|
|a GB
|
| 105 |
|
|
|a a j 000zy
|
| 200 |
1 |
|
|a Gold Experience B2
|e Student's Book
|f K. Alevizos, S. Gaynor, M. Roderick
|
| 205 |
|
|
|a 2-nd ed.
|
| 210 |
|
|
|a Harlow
|c Pearson
|d 2020
|
| 215 |
|
|
|a 184 p.
|c il.
|
| 330 |
|
|
|a Engage and motivate students to build the language and skills they ne the classroom, exams and their lives beyond school. Educate students about the world around, and allow them to bring their own experience into learning English.
|
| 606 |
1 |
|
|a Английский язык
|x Учебные руководства и пособия
|x Учебные руководства и пособия для высшей школы
|2 stltpush
|3 (RuTPU)RU\TPU\subj\29071
|9 52483
|
| 610 |
1 |
|
|a устная речь
|
| 610 |
1 |
|
|a письменная речь
|
| 610 |
1 |
|
|a аудирование
|
| 610 |
1 |
|
|a подготовка
|
| 610 |
1 |
|
|a учебные пособия
|
| 610 |
1 |
|
|a сертификаты
|
| 610 |
1 |
|
|a грамматика
|
| 610 |
1 |
|
|a лексика
|
| 610 |
1 |
|
|a FCE for Schools
|
| 686 |
|
|
|a Ш143.21-923
|v LBC/SL-A
|2 rubbk
|
| 700 |
|
1 |
|a Alevizos
|b K.
|g Kathryn
|
| 701 |
|
1 |
|a Gaynor
|b S.
|g Suzanne
|
| 701 |
|
1 |
|a Roderick
|b M.
|g Megan
|
| 801 |
|
1 |
|a RU
|b 63413507
|c 20210803
|
| 801 |
|
2 |
|a RU
|b 63413507
|c 20220704
|g RCR
|
| 942 |
|
|
|c BK
|